Statistics for History True or False #1

Click here to take the quiz!

General Stats

  • This quiz has been taken 60,130 times
  • The average score is 12 of 18

Answer Stats

QuestionAnswer% Correct
Gunpowder was invented in ChinaTrue
89%
Humans were partly responsible for the extinction of the dinosaursFalse
87%
California and Texas were once part of MexicoTrue
81%
Columbus was the first European to sail to the AmericasFalse
77%
Socrates died in battleFalse
76%
An aristocrat living in St. Petersburg, Russia in the 1800s would be expected to speak fluent FrenchTrue
73%
Tomatoes originally came from the New WorldTrue
70%
Egypt, Jordan, and Syria have all invaded IsraelTrue
69%
Ireland was colonized by the ancient RomansFalse
67%
Photographs exist of a (very old) George WashingtonFalse
65%
China fought in WWIITrue
63%
The Nazis invaded Greece during WWIITrue
60%
The saxophone was invented by Adolphe SaxTrue
59%
The Great Pyramid of Giza is the only one of the ancient Wonders of the World that still standsTrue
59%
Documents written in Classical Greek didn't use spaces between wordsTrue
57%
Bach was influenced by BeethovenFalse
56%
Most scholars now believe that Shakespeare did not write most of the plays that bear his nameFalse
47%
The Incan Empire lasted for over 2,000 yearsFalse
41%

Score Distribution

Percentile by Number Answered

Percent of People with Each Score

Your Score History

You have not taken this quiz